Name 12 Elements - Statistics

General Stats
  • This quiz has been taken 30 times
  • The average score is 9 of 12
Answer Stats
# element % Correct
1 - 9 1 to 9
100%
10 - 19 10 to 19
96%
20 - 29 20 to 29
93%
50 - 59 50 to 59
93%
80 - 89 80 to 89
93%
90 - 99 90 to 99
89%
30 - 39 30 to 39
79%
70 - 79 70 to 79
75%
40 - 49 40 to 49
71%
110 - 118 110 to 118
54%
60 - 69 60 to 69
43%
100 - 109 100 to 109
39%
No matching quizzes found
Score Distribution
Percent of People with Each Score
Percentile by Number Answered
Your Score History
You have not taken this quiz